Nazioni vs S.P.Q.R. - Statistics

Statistiche generali
  • Questo quiz è stato fatto 79 volte
    41 dall'ultimo reset
  • Il punteggio medio è 41 su 52
Statistiche sulle risposte
Percentuale Nazione % Corretto
100% Spagna
100%
33% Germania
97%
100% Italia
97%
100% Portogallo
94%
100% San Marino
94%
100% Città del Vaticano
91%
100% Svizzera
91%
15% Ungheria
91%
100% Francia
89%
100% Grecia
89%
40% Regno Unito
89%
90% Serbia
89%
100% Albania
86%
100% Austria
86%
100% Croazia
86%
100% Paesi Bassi
86%
33% Paesi Bassi
86%
20% Romania
86%
100% Turchia
86%
100% Belgio
83%
100% Bulgaria
83%
100% Malta
83%
20% Marocco
83%
1% Slovacchia
83%
100% Slovenia
83%
100% Andorra
80%
>1% Cechia
80%
50% Egitto
80%
100% Siria
80%
100% Tunisia
80%
10% Algeria
77%
20% Libia
77%
100% Montenegro
77%
10% Arabia Saudita
74%
10% Iran
74%
100% Israele
74%
100% Kosovo
74%
60% Iraq
71%
100% Libano
71%
100% Liechtenstein
71%
100% Monaco
71%
99% Bosnia
69%
100% Cipro
69%
80% Giordania
69%
100% Lussemburgo
69%
40% Armenia
66%
20% Azerbaijan
66%
99% Georgia
63%
>1% Ucraina
60%
100% Kuwait
49%
100% Palestina
34%
100% Nord Macedonia
17%
Nessun quiz corrispondente trovato
Distribuzione punteggi
Percentuale di utenti per punteggio
Percentile per numero di risposta
I tuoi punteggi nel tempo
Non hai fatto questo quiz dall'ultimo reset